000
00261nam a2200097Ia 4500
001
1104408
005
20250827003359.0
008
250824s9999 xx 000 0 und d
245
0
_a
TEDİRGİN BİR YAZAR YUSUF ATILGAN
_c
MURAT ŞAHİN
260
_b
DESTEK YAYINLARI
999
_c
1104408
_d
1104408